1161 1675 1099 1008 1898 1268 1463 1009 1360 1453 1841 1732 1938 1688 1036 1917 1537 1261 1813 1637 1414 1144 1011 1692 1888 1088 1679 1486 1266 1134 1053 1500 1642 1226 1031 1165 1769 1322 1464 1151 1159 1079 1059 1453 1740 1628 1639 1384 1891 1736 1474 1368 1211 1021 1705 1026 1412 1701 1672 1798 1743 1205 1554 1663 1199 1366 1300 1916 1424 1186 1109 1994 1318 1994 1849 1403 1216 1974 1197 1213 1035 1070 1314 1847 1923 1868 1245 1554 1555 1554 1337 1996 1565 1323 1606 1160 1116 1978 1215 BCNSPRNW ULIB Ver.6.0+V

เปลี่ยนเป็นภาษาไทย

Change to English
 แสดงรายละเอียดบรรณานุกรม
  กลับหน้าหลัก

Brief Record : Get Marc (ISO 2709) : E-mail record : QR code < ปิดหน้าต่าง
LEADER : 00000nam 2200000uu 4500
001    13399123333
003     ULIB
008    140822s2549||||th 000 0 tha d
100 0  สิรภัทร โสตถิยาภัย
245 00 สมรรถภาพทางกาย
945    ^p0^l0^i021780
999    ^aเกษร โพธิ์สุวรรณ
รายการนี้ยังไม่มีแท็ก
คุณยังไม่ได้ล็อกอิน คุณสามารถมีกิจกรรมร่วมกับเว็บไซต์ได้ แต่ต้องล็อกอินก่อน ::
  ล็อกอิน

รายการสื่อสารสนเทศ

ลำดับที่ ประเภท เลขเรียก/บาร์โค้ด สถานที่ สถานะ
1. งานวิจัย
งานวิจัย
 ฉ.1 
  Barcode: 021780
ห้องสมุดวิทยาเขตสวรรค์ประชารักษ์
►วิจัย
บนชั้น

รายการใกล้เคียง
    ชื่อเรื่อง [สมรรถภาพทางกาย]

BibComment


ยังไม่เคยถูกคอมเมนท์

คอมเมนท์ทรัพยากรรายการนี้
  คอมเมนท์: สมรรถภาพทางกาย


 Copyright 2026. Bcnsprnw @Library